L'Alhambra : le palais royal /

محفوظ في:

المؤلف الرئيسي: García Gómez, Emilio, 1905-1995.

مؤلفون آخرون: Bermúdez Pareja, Jesús., Bencini, Raffaello., Perugi, Liberto.

التنسيق: كتاب

اللغة: French

منشور في: [Granada] : Albaicín/Sadea, [c1967].

سلاسل: Forme et couleur, les grands cycles de l'art ; 10.

الموضوعات:

الوسوم: إضافة وسم

لا توجد وسوم, كن أول من يضع وسما على هذه التسجيلة!

رقم الطلب: ( F )NA387 .G374 1967

LEADER 01135nam a2200265Ia 4500
003 OSt
005 20240917091411.0
008 230909s1967 sp af b 000 0 fre d
952 |0 0  |1 0  |2 lcc  |4 0  |7 1  |9 49932  |a ARCE  |b ARCE  |d 2023-09-09  |l 0  |o ( F )NA387 .G374 1967  |p 1024044  |r 2023-09-09 00:00:00  |w 2023-09-09  |y BK 
999 |c 54555  |d 54555 
040 |c ARCE Library 
050 4 |a ( F )NA387 .G374 1967 
100 1 |a García Gómez, Emilio,   |d 1905-1995. 
245 1 0 |a L'Alhambra :   |b le palais royal /   |c par Emilio García Gómez et Jesús Bermúdez Pareja ; photographies par Raffaello Bencini et Liberto Perugi. 
264 1 |a [Granada] :   |b Albaicín/Sadea,   |c [c1967]. 
300 |a [8] p., 30 p. of plates (some folded) :   |b col. ill. ;   |c 36 cm. 
490 0 |a Forme et couleur, les grands cycles de l'art ;   |v 10. 
500 |a Imprint place and date from flap of back cover. 
504 |a Includes bibliographical references (p. [8]). 
610 2 0 |a Alhambra (Granada, Spain)--Pictorial works -- Catalogs. 
700 1 |a Bermúdez Pareja, Jesús.  
700 1 |a Bencini, Raffaello. 
700 1 |a Perugi, Liberto. 
901 |a reviewed 
942 |2 lcc  |c BK